[Event "77 España ch 2012"]
[Site "Maspalomas ESP"]
[Date "2012.10.02"]
[Round "4.54"]
[White "Ramirez Hernandez, Jose Isidro"]
[Black "Suarez Pazos, Alberto"]
[Result "1-0"]
[WhiteElo "1397"]
[BlackElo "1741"]
[PlyCount "108"]
[EventDate "2012.09.29"]
[EventType "swiss"]
[EventRounds "9"]
[EventCountry "ESP"]
[Source "lmi"]
[SourceDate "2012.09.29"]

1. e4 Nf6 2. e5 Nd5 3. d4 d6 4. c4 Nb6 5. f4 dxe5 6. fxe5 Nc6 7. Be3 Bf5 8. Nc3
e6 9. Nf3 Be7 10. Be2 O-O 11. O-O Qd7 12. a3 a5 13. d5 Na7 14. Bxb6 cxb6 15. d6
Bd8 16. Nd4 f6 17. Nxf5 exf5 18. Qd5+ Kh8 19. e6 Qe8 20. Rxf5 Rb8 21. Bd3 b5
22. Nxb5 Nxb5 23. cxb5 Bb6+ 24. Kh1 Rg8 25. Rh5 g6 26. Rh3 Rg7 27. Rf1 f5 28.
Rhf3 Qc8 29. Bc4 Qc5 30. a4 Qxd5 31. Bxd5 Bc5 32. d7 Be7 33. Rc3 Rgg8 34. Rfc1
Rbd8 35. Bxb7 Kg7 36. Rc8 Kf6 37. Bd5 Ke5 38. Bb3 Bg5 39. R1c2 Kf6 40. Rxd8
Rxd8 41. Rc8 Ke7 42. b6 Bf6 43. b7 Be5 44. Rxd8 Kxd8 45. Bd5 Bc7 46. b3 Bb8 47.
g3 Kc7 48. Kg2 Ba7 49. Kf3 g5 50. h3 Kd8 51. Ke2 Bb8 52. g4 f4 53. Kf3 Bd6 54.
Ke4 Kc7 1-0

[Event "77 España ch 2012"]
[Site "Maspalomas ESP"]
[Date "2012.10.02"]
[Round "4.55"]
[White "Salazar Martin, Jose Maria"]
[Black "Ruiz Macias, Anabel"]
[Result "1-0"]
[WhiteElo "1855"]
[BlackElo "1455"]
[PlyCount "97"]
[EventDate "2012.09.29"]
[EventType "swiss"]
[EventRounds "9"]
[EventCountry "ESP"]
[Source "lmi"]
[SourceDate "2012.09.29"]

1. d4 g6 2. Bg5 Bg7 3. f4 d6 4. Nf3 c5 5. c3 Qb6 6. Qb3 cxd4 7. Qxb6 axb6 8.
Nxd4 Bd7 9. e3 Nc6 10. Bd3 Nxd4 11. exd4 Bc6 12. O-O b5 13. b4 f5 14. Re1 Nf6
15. Bxf6 Bxf6 16. Nd2 Ra3 17. Nb3 b6 18. Re2 O-O 19. Rae1 Bd7 20. Bb1 Rc8 21.
Rc2 Kf7 22. Kf2 Be6 23. Ree2 Bxb3 24. axb3 g5 25. g3 h5 26. Ke3 e5 27. fxe5
dxe5 28. dxe5 Bxe5 29. Red2 Ke7 30. Re2 Rxb3 31. Ba2 Rbxc3+ 32. Rxc3 Rxc3+ 33.
Kd2 Kf6 34. Rxe5 Kxe5 35. Kxc3 f4 36. gxf4+ Kxf4 37. Bf7 h4 38. h3 g4 39. hxg4
h3 40. Kd4 h2 41. Bd5 Kxg4 42. Bh1 Kf5 43. Kd5 Kf6 44. Kd6 Kf7 45. Kc6 Ke7 46.
Kxb6 Kd8 47. Kxb5 Kc8 48. Kc6 Kb8 49. Kb6 1-0

[Event "77 España ch 2012"]
[Site "Maspalomas ESP"]
[Date "2012.10.03"]
[Round "5.1"]
[White "Korneev, Oleg"]
[Black "Anton Guijarro, David"]
[Result "1-0"]
[WhiteElo "2596"]
[BlackElo "2546"]
[PlyCount "83"]
[EventDate "2012.09.29"]
[EventType "swiss"]
[EventRounds "9"]
[EventCountry "ESP"]
[Source "lmi"]
[SourceDate "2012.09.29"]

1. e4 c5 2. Nf3 e6 3. d4 cxd4 4. Nxd4 a6 5. Bd3 Nf6 6. O-O e5 7. Bg5 h6 8. Bxf6
Qxf6 9. Nf5 g6 10. Ne3 Bc5 11. Nc3 d6 12. b4 Ba7 13. Ncd5 Qd8 14. a4 Be6 15. a5
O-O 16. c3 Nc6 17. Be2 Ne7 18. Nxe7+ Qxe7 19. Nd5 Qd8 20. Kh1 f5 21. exf5 gxf5
22. Qd2 Kh7 23. f4 Rc8 24. Rad1 Rc6 25. b5 axb5 26. Nb4 Rc5 27. fxe5 Rxe5 28.
Bf3 Bc4 29. Rfe1 Qc7 30. a6 bxa6 31. Nc6 Rf7 32. Nxe5 dxe5 33. Bd5 Bxd5 34.
Qxd5 e4 35. Rf1 Kg6 36. g4 e3 37. Rxf5 Re7 38. Qg8+ Rg7 39. Qe6+ Kh7 40. Rf6
Qb7+ 41. Rd5 Kh8 42. Rxh6+ 1-0

[Event "77 España ch 2012"]
[Site "Maspalomas ESP"]
[Date "2012.10.03"]
[Round "5.2"]
[White "Arizmendi Martinez, Julen Luis"]
[Black "Alonso Rosell, Alvar"]
[Result "1/2-1/2"]
[WhiteElo "2560"]
[BlackElo "2528"]
[PlyCount "107"]
[EventDate "2012.09.29"]
[EventType "swiss"]
[EventRounds "9"]
[EventCountry "ESP"]
[Source "lmi"]
[SourceDate "2012.09.29"]

1. d4 d5 2. c4 c6 3. Nf3 Nf6 4. Nc3 dxc4 5. a4 Bf5 6. e3 e6 7. Bxc4 Bb4 8. O-O
Nbd7 9. Qe2 Bg6 10. h3 O-O 11. Nh4 Bh5 12. g4 Nd5 13. Ng2 Bg6 14. Bd2 Qa5 15.
Rfc1 N5b6 16. Bb3 c5 17. Nf4 cxd4 18. exd4 e5 19. Nxg6 hxg6 20. Be3 Rac8 21.
Qb5 exd4 22. Qxa5 Bxa5 23. Bxd4 Nc5 24. Bxc5 Rxc5 25. Nb5 Rfc8 26. Rd1 Kf8 27.
Nxa7 Re8 28. Nb5 Nc8 29. Rd7 Re7 30. Rad1 Ke8 31. Rxe7+ Kxe7 32. Bd5 Nb6 33.
Bb3 Nc8 34. Kg2 Bb4 35. Rd4 Ba5 36. Re4+ Kf8 37. Rd4 Re5 38. Rc4 Re8 39. Nc7
Nd6 40. Nxe8 Nxc4 41. Bxc4 Kxe8 42. Bd5 b6 43. Kf3 Ke7 44. Ke4 f6 45. Bc6 Kd6
46. Be8 g5 47. Kd4 Be1 48. f3 Bf2+ 49. Kc4 Be3 50. Kb5 Bd4 51. b4 Bf2 52. Ka6
Kc7 53. Kb5 Kd6 54. Ka6 1/2-1/2

[Event "77 España ch 2012"]
[Site "Maspalomas ESP"]
[Date "2012.10.03"]
[Round "5.3"]
[White "Cuenca Jimenez, Jose Fernando"]
[Black "Perez Candelario, Manuel"]
[Result "1/2-1/2"]
[WhiteElo "2487"]
[BlackElo "2575"]
[PlyCount "63"]
[EventDate "2012.09.29"]
[EventType "swiss"]
[EventRounds "9"]
[EventCountry "ESP"]
[Source "lmi"]
[SourceDate "2012.09.29"]

1. e4 e5 2. Nf3 Nc6 3. Bb5 a6 4. Bxc6 dxc6 5. O-O f6 6. d4 Bg4 7. c3 Bd6 8. Be3
Ne7 9. Nbd2 O-O 10. Qb3+ Kh8 11. h3 Bc8 12. Qc2 Qe8 13. Nc4 Qh5 14. Qe2 Qg6 15.
dxe5 fxe5 16. Nfxe5 Qxe4 17. Qd3 Qxd3 18. Nxd3 Be6 19. Nce5 b6 20. Bg5 c5 21.
Bxe7 Bxe7 22. Rfe1 c4 23. Nd7 Bxd7 24. Rxe7 cxd3 25. Rxd7 Rae8 26. Rd1 Re2 27.
R1xd3 Rexf2 28. Rf3 R2xf3 29. gxf3 Kg8 30. Kf2 Rf7 31. Rd8+ Rf8 32. Rd7 1/2-1/2

[Event "77 España ch 2012"]
[Site "Maspalomas ESP"]
[Date "2012.10.03"]
[Round "5.4"]
[White "Romero Holmes, Alfonso"]
[Black "Todorcevic Antic, Miodrag"]
[Result "1-0"]
[WhiteElo "2508"]
[BlackElo "2420"]
[PlyCount "77"]
[EventDate "2012.09.29"]
[EventType "swiss"]
[EventRounds "9"]
[EventCountry "ESP"]
[Source "lmi"]
[SourceDate "2012.09.29"]

1. e4 g6 2. Nc3 Bg7 3. f4 d6 4. Nf3 e5 5. Bc4 Nc6 6. O-O Nf6 7. Kh1 O-O 8. fxe5
Nxe5 9. Nxe5 dxe5 10. d3 Nh5 11. Qf3 Qd7 12. Be3 b6 13. Rf2 c6 14. Raf1 Kh8 15.
Bxf7 Qe7 16. Qd1 Qh4 17. Kg1 Bd7 18. Bb3 Rxf2 19. Rxf2 Nf6 20. Qe1 g5 21. Rf1
Qh6 22. Nd1 Nh5 23. g3 Bh3 24. Rf7 Qg6 25. Nf2 Bc8 26. Kh1 Nf6 27. Qe2 Bd7 28.
Kg2 a5 29. Bxb6 a4 30. Bc4 h5 31. Re7 Rf8 32. h3 Bc8 33. Bc5 g4 34. h4 Nd7 35.
Rxg7 Qxg7 36. Bxf8 Qxf8 37. Qe3 Qf6 38. Nd1 Kg7 39. Nc3 1-0

[Event "77 España ch 2012"]
[Site "Maspalomas ESP"]
[Date "2012.10.03"]
[Round "5.5"]
[White "Munoz Pantoja, Miguel"]
[Black "Larino Nieto, David"]
[Result "1/2-1/2"]
[WhiteElo "2476"]
[BlackElo "2487"]
[PlyCount "60"]
[EventDate "2012.09.29"]
[EventType "swiss"]
[EventRounds "9"]
[EventCountry "ESP"]
[Source "lmi"]
[SourceDate "2012.09.29"]

1. e4 e5 2. Nf3 Nc6 3. Bb5 Nd4 4. Nxd4 exd4 5. O-O c6 6. Ba4 Nf6 7. d3 d5 8.
exd5 Nxd5 9. Nd2 a5 10. Re1+ Be7 11. Bb3 O-O 12. Nf3 Bf6 13. h3 a4 14. Bxd5
Qxd5 15. Bf4 Be6 16. Qd2 Rfe8 17. Be5 Bxe5 18. Rxe5 Qd7 19. Qb4 Bxh3 20. gxh3
Qxh3 21. Rae1 Qg4+ 22. Kf1 Qh3+ 23. Kg1 Qg4+ 24. Kf1 Qh3+ 25. Kg1 Qg4+ 26. Kf1
Qh3+ 27. Kg1 Qg4+ 28. Kf1 Qh3+ 29. Kg1 Qg4+ 30. Kf1 Qh3+ 1/2-1/2

[Event "77 España ch 2012"]
[Site "Maspalomas ESP"]
[Date "2012.10.03"]
[Round "5.6"]
[White "Menendez, Francisco Javier"]
[Black "Alsina Leal, Daniel"]
[Result "0-1"]
[WhiteElo "2229"]
[BlackElo "2528"]
[PlyCount "46"]
[EventDate "2012.09.29"]
[EventType "swiss"]
[EventRounds "9"]
[EventCountry "ESP"]
[Source "lmi"]
[SourceDate "2012.09.29"]

1. d4 Nf6 2. Nc3 d5 3. Bg5 Nbd7 4. Nf3 g6 5. e3 Bg7 6. Be2 O-O 7. O-O c6 8. Rb1
Re8 9. Ne5 Nxe5 10. dxe5 Nd7 11. e4 f6 12. Bh4 dxe4 13. Bc4+ Kh8 14. Bf7 Rf8
15. e6 Nc5 16. Qxd8 Rxd8 17. Rfe1 g5 18. Bg3 f5 19. Bc7 Rd2 20. g4 Bxe6 21. Bh5
Rxc2 22. gxf5 Bxf5 23. Ne2 Nd3 0-1

[Event "77 España ch 2012"]
[Site "Maspalomas ESP"]
[Date "2012.10.03"]
[Round "5.7"]
[White "Forcen Esteban, Daniel"]
[Black "Garcia Blanco, Omar"]
[Result "1/2-1/2"]
[WhiteElo "2469"]
[BlackElo "2277"]
[PlyCount "92"]
[EventDate "2012.09.29"]
[EventType "swiss"]
[EventRounds "9"]
[EventCountry "ESP"]
[Source "lmi"]
[SourceDate "2012.09.29"]

1. e4 c5 2. Nf3 e6 3. d4 cxd4 4. Nxd4 Nc6 5. Nc3 Qc7 6. Be2 a6 7. O-O Nf6 8.
Be3 Be7 9. f4 d6 10. Qe1 O-O 11. Qg3 Bd7 12. Kh1 Na5 13. Rad1 b5 14. e5 Ne8 15.
Ne4 d5 16. Ng5 g6 17. Qh4 Bxg5 18. Qxg5 Nc6 19. Bd3 Nxd4 20. Bxd4 b4 21. Rf3
Bb5 22. Rh3 Bxd3 23. cxd3 Rc8 24. Qh4 h5 25. g4 Ng7 26. Rg1 Qd8 27. Qxd8 Rfxd8
28. gxh5 Nf5 29. Bb6 Rd7 30. hxg6 fxg6 31. Rxg6+ Rg7 32. Rxg7+ Kxg7 33. Rh5 d4
34. Rg5+ Kf7 35. Ba5 Rc2 36. Rg2 Rc1+ 37. Rg1 Rc2 38. Bxb4 Rxb2 39. a3 Rb3 40.
Kg2 Rxd3 41. Rc1 a5 42. Bxa5 Rxa3 43. Be1 Ne3+ 44. Kf3 Nf5+ 45. Kg4 Kg6 46. Bf2
Nh6+ 1/2-1/2

[Event "77 España ch 2012"]
[Site "Maspalomas ESP"]
[Date "2012.10.03"]
[Round "5.8"]
[White "Recuero Guerra, David"]
[Black "Tejedor Fuentes, Enrique"]
[Result "1/2-1/2"]
[WhiteElo "2450"]
[BlackElo "2287"]
[PlyCount "60"]
[EventDate "2012.09.29"]
[EventType "swiss"]
[EventRounds "9"]
[EventCountry "ESP"]
[Source "lmi"]
[SourceDate "2012.09.29"]

1. d4 Nf6 2. c4 c6 3. Nf3 d5 4. e3 Bg4 5. h3 Bh5 6. Qb3 Qb6 7. Nc3 Nbd7 8. Nh4
e6 9. g4 Bg6 10. Nxg6 hxg6 11. Bg2 Qxb3 12. axb3 a6 13. g5 Nh5 14. Bd2 Bd6 15.
h4 O-O-O 16. Ke2 Rde8 17. cxd5 exd5 18. Kd3 Kb8 19. Ne2 Re7 20. b4 Rhe8 21. Bh3
Nb6 22. b3 Nc8 23. Ra2 Na7 24. Nc3 Nb5 25. Nxb5 axb5 26. Rg1 Re4 27. Bg4 f5 28.
Bxh5 gxh5 29. f4 g6 30. Rg3 R4e7 1/2-1/2

[Event "77 España ch 2012"]
[Site "Maspalomas ESP"]
[Date "2012.10.03"]
[Round "5.9"]
[White "Martin Hernandez, Ruben"]
[Black "Gonzalez De La Torre, Santiago"]
[Result "1/2-1/2"]
[WhiteElo "2171"]
[BlackElo "2442"]
[PlyCount "109"]
[EventDate "2012.09.29"]
[EventType "swiss"]
[EventRounds "9"]
[EventCountry "ESP"]
[Source "lmi"]
[SourceDate "2012.09.29"]

1. e4 c5 2. Nf3 e6 3. d4 cxd4 4. Nxd4 a6 5. Bd3 Bc5 6. Nb3 Be7 7. f4 d6 8. Qf3
Bh4+ 9. g3 Bf6 10. Nc3 Nc6 11. Be3 Rb8 12. O-O Nge7 13. g4 Bxc3 14. bxc3 O-O
15. Qf2 b5 16. a4 f6 17. Qe2 d5 18. axb5 dxe4 19. Bxe4 axb5 20. Rad1 Qe8 21.
Bc5 Rf7 22. Rd6 Bd7 23. Qd3 f5 24. gxf5 Nxf5 25. Rxd7 Rxd7 26. Bxc6 Rxd3 27.
Bxe8 Rd5 28. Bh5 Rc8 29. Rd1 Rdxc5 30. Nxc5 g6 31. Nxe6 gxh5 32. Rd8+ Rxd8 33.
Nxd8 Nd6 34. Kf2 Ne4+ 35. Ke3 Nxc3 36. Nc6 h4 37. Ne5 Kg7 38. Nf3 Kf6 39. Nxh4
Nd5+ 40. Ke4 Nc3+ 41. Kf3 b4 42. Ng2 Ke6 43. Ne3 h5 44. Ng2 Kd5 45. Ne1 Nb5 46.
Ke3 Nd4 47. Kd3 Kc5 48. Ng2 Nf3 49. h4 Nd4 50. c3 bxc3 51. Kxc3 Kd5 52. Kd3 Nb3
53. Ne3+ Ke6 54. Ke4 Nd2+ 55. Kd3 1/2-1/2

[Event "77 España ch 2012"]
[Site "Maspalomas ESP"]
[Date "2012.10.03"]
[Round "5.10"]
[White "Menvielle Laccourreye, Augusto"]
[Black "Camacho Collados, Marcos"]
[Result "1/2-1/2"]
[WhiteElo "2133"]
[BlackElo "2436"]
[PlyCount "117"]
[EventDate "2012.09.29"]
[EventType "swiss"]
[EventRounds "9"]
[EventCountry "ESP"]
[Source "lmi"]
[SourceDate "2012.09.29"]

1. e4 c5 2. Nf3 a6 3. c3 d5 4. exd5 Qxd5 5. d4 Bg4 6. Be2 cxd4 7. cxd4 e6 8.
Nc3 Bb4 9. O-O Qa5 10. Ne5 Bxe2 11. Qxe2 Nf6 12. Qf3 Qc7 13. Bg5 Nbd7 14. Rac1
Bxc3 15. Nxd7 Qxd7 16. bxc3 Qd5 17. Qxd5 Nxd5 18. c4 Ne7 19. Rb1 f6 20. Be3
O-O-O 21. Rb6 Nc6 22. Rfb1 Rd7 23. d5 exd5 24. cxd5 Ne7 25. Bf4 Nxd5 26. Rxa6
Nc7 27. Rd6 Rxd6 28. Bxd6 Ne6 29. Rc1+ Kd7 30. Bb4 Re8 31. Kf1 Nf4 32. a3 Nd5
33. Rc5 Nxb4 34. axb4 Re4 35. Rd5+ Kc6 36. Rc5+ Kb6 37. Rd5 Rxb4 38. Rd7 Rg4
39. h3 Rg6 40. g4 Kc6 41. Re7 b5 42. Ke2 Kc5 43. f4 Kb4 44. Kf3 Kc3 45. Rc7+
Kb3 46. h4 f5 47. g5 h5 48. Rc5 b4 49. Rxf5 Rb6 50. Rf7 Kc2 51. Rxg7 b3 52.
Rc7+ Kd2 53. Rd7+ Kc1 54. Rc7+ Kd2 55. Rd7+ Ke1 56. Re7+ Kf1 57. Rd7 Ke1 58.
Re7+ Kf1 59. Rd7 1/2-1/2

[Event "77 España ch 2012"]
[Site "Maspalomas ESP"]
[Date "2012.10.03"]
[Round "5.11"]
[White "Perez Aleman, Pedro Tomas"]
[Black "Garrido Dominguez, Jesus"]
[Result "0-1"]
[WhiteElo "2110"]
[BlackElo "2396"]
[PlyCount "114"]
[EventDate "2012.09.29"]
[EventType "swiss"]
[EventRounds "9"]
[EventCountry "ESP"]
[Source "lmi"]
[SourceDate "2012.09.29"]

1. c4 Nf6 2. Nc3 g6 3. e4 d6 4. d4 Bg7 5. Nf3 O-O 6. Be2 e5 7. O-O exd4 8. Nxd4
Re8 9. f3 c6 10. Be3 d5 11. cxd5 cxd5 12. Qb3 dxe4 13. Bc4 Rf8 14. Rad1 Nbd7
15. Ndb5 Qe7 16. fxe4 Ne5 17. Nd5 Nxd5 18. Bxd5 Be6 19. Kh1 a6 20. Nc3 b5 21.
Ne2 Bxd5 22. Rxd5 Rac8 23. Ng3 h5 24. Qa3 Qxa3 25. bxa3 Rc2 26. Bd4 Ng4 27. e5
Rxa2 28. h3 Nh6 29. Rd7 Re8 30. Re1 Re6 31. Ne4 Bf8 32. Rd8 Kg7 33. Ng5 Nf5 34.
Nxe6+ fxe6 35. Rd7+ Kh6 36. Bc3 Bxa3 37. Ra1 Rxa1+ 38. Bxa1 Bc5 39. Rc7 Bd4 40.
Bxd4 Nxd4 41. Ra7 Kg5 42. Rxa6 Kf5 43. Kg1 Kxe5 44. Kf2 Ke4 45. Rb6 g5 46. Rb8
Kd3 47. Rg8 b4 48. Rxg5 b3 49. Rg3+ Kc4 50. Rxb3 Kxb3 51. Ke3 Kc4 52. Ke4 h4
53. Kf4 Kd5 54. g4 hxg3 55. Kxg3 Ke4 56. Kg2 Nf5 57. Kf2 Kf4 0-1

[Event "77 España ch 2012"]
[Site "Maspalomas ESP"]
[Date "2012.10.03"]
[Round "5.12"]
[White "Alonso Valiente, Alexis"]
[Black "Ortega Hermida, Daniel"]
[Result "0-1"]
[WhiteElo "2049"]
[BlackElo "2392"]
[PlyCount "46"]
[EventDate "2012.09.29"]
[EventType "swiss"]
[EventRounds "9"]
[EventCountry "ESP"]
[Source "lmi"]
[SourceDate "2012.09.29"]

1. d4 Nf6 2. Nf3 c5 3. e3 g6 4. b3 Bg7 5. Bb2 O-O 6. Be2 cxd4 7. exd4 d5 8. O-O
Bf5 9. c4 Ne4 10. Nc3 dxc4 11. bxc4 Nc6 12. Nd5 Nc5 13. Qd2 Na4 14. Rad1 Nxb2
15. Qxb2 Rb8 16. Qa3 Bc2 17. Rc1 Be4 18. Rfd1 e6 19. Nb4 Bxf3 20. Bxf3 Nxd4 21.
Qxa7 Ra8 22. Qc5 Ra5 23. Nc6 Nxf3+ 0-1

[Event "77 España ch 2012"]
[Site "Maspalomas ESP"]
[Date "2012.10.03"]
[Round "5.14"]
[White "Lopez Gracia, Fernando"]
[Black "Suarez Garcia, Carlos"]
[Result "0-1"]
[WhiteElo "2382"]
[BlackElo "2274"]
[PlyCount "46"]
[EventDate "2012.09.29"]
[EventType "swiss"]
[EventRounds "9"]
[EventCountry "ESP"]
[Source "lmi"]
[SourceDate "2012.09.29"]

1. Nf3 d6 2. d4 Bg4 3. c4 Bxf3 4. exf3 g6 5. Nc3 Bg7 6. Be2 e6 7. d5 e5 8. Qb3
b6 9. O-O Ne7 10. Re1 O-O 11. f4 Nd7 12. Bf1 Nf5 13. fxe5 Bxe5 14. Bd2 Qf6 15.
Ne4 Qh8 16. Qh3 Nc5 17. Ng5 Bxb2 18. g4 h6 19. Nf3 Bxa1 20. gxf5 Rae8 21. Rxa1
Qxa1 22. Qxh6 Qg7 23. Qh3 gxf5+ 0-1

[Event "77 España ch 2012"]
[Site "Maspalomas ESP"]
[Date "2012.10.03"]
[Round "5.15"]
[White "Ladron De Guevara Pinto, Paolo"]
[Black "Alvarado Diaz, Alejandro"]
[Result "0-1"]
[WhiteElo "2378"]
[BlackElo "2258"]
[PlyCount "70"]
[EventDate "2012.09.29"]
[EventType "swiss"]
[EventRounds "9"]
[EventCountry "ESP"]
[Source "lmi"]
[SourceDate "2012.09.29"]

1. e4 c5 2. Nf3 e6 3. d4 cxd4 4. Nxd4 a6 5. Bd3 Bc5 6. Nb3 Be7 7. Qg4 g6 8. Qe2
d6 9. O-O Nc6 10. c3 Qc7 11. f4 Nf6 12. Be3 O-O 13. a4 e5 14. f5 d5 15. N1d2
Re8 16. exd5 Nxd5 17. Bc4 Nf4 18. Qf3 Bxf5 19. Kh1 h5 20. g3 Ne6 21. Bd5 Rad8
22. a5 Ng5 23. Bxg5 Bxg5 24. Rf2 Re7 25. h4 e4 26. Bxe4 Bg4 27. Qg2 Be3 28. Rf6
Bxd2 29. Nxd2 Rxd2 30. Qxd2 Rxe4 31. Qd5 Re6 32. Raf1 Ne7 33. Qg2 Re2 34. R6f2
Nf5 35. Rg1 Nxg3+ 0-1

[Event "77 España ch 2012"]
[Site "Maspalomas ESP"]
[Date "2012.10.03"]
[Round "5.16"]
[White "Moreno Tejera, Emilio"]
[Black "Zamarbide Inarrea, Daniel"]
[Result "1-0"]
[WhiteElo "2358"]
[BlackElo "2192"]
[PlyCount "55"]
[EventDate "2012.09.29"]
[EventType "swiss"]
[EventRounds "9"]
[EventCountry "ESP"]
[Source "lmi"]
[SourceDate "2012.09.29"]

1. e4 e6 2. d3 d5 3. Nd2 c5 4. Ngf3 Nc6 5. g3 Qc7 6. Bg2 Be7 7. O-O Bd7 8. Re1
O-O-O 9. a3 h5 10. b4 cxb4 11. exd5 exd5 12. Nb3 bxa3 13. Bxa3 Bxa3 14. Rxa3
Nf6 15. Qa1 h4 16. Nbd4 a6 17. Nxc6 Bxc6 18. Ne5 Kb8 19. Rb1 Ka7 20. Qd4+ Ka8
21. Rb6 Rd6 22. Raxa6+ bxa6 23. Rxa6+ Kb8 24. Qb4+ Kc8 25. Bh3+ Nd7 26. Nxc6
Qxc6 27. Rxc6+ Rxc6 28. Qa4 1-0

[Event "77 España ch 2012"]
[Site "Maspalomas ESP"]
[Date "2012.10.03"]
[Round "5.17"]
[White "Perez Barreto, Adrian"]
[Black "Fernandez Garcia, Jose Miguel"]
[Result "0-1"]
[WhiteElo "1966"]
[BlackElo "2356"]
[PlyCount "138"]
[EventDate "2012.09.29"]
[EventType "swiss"]
[EventRounds "9"]
[EventCountry "ESP"]
[Source "lmi"]
[SourceDate "2012.09.29"]

1. d4 Nf6 2. c4 c6 3. Nc3 d5 4. Nf3 e6 5. Bg5 Nbd7 6. cxd5 exd5 7. e3 Be7 8.
Bd3 O-O 9. Qc2 Re8 10. h3 Ne4 11. Bxe4 dxe4 12. Nxe4 Bb4+ 13. Kf1 f6 14. Bf4
Nb6 15. a3 Bf5 16. Nxf6+ Qxf6 17. Qb3+ Be6 18. Qxb4 Nd5 19. Be5 Qg6 20. Qd2 Rf8
21. Bg3 Nf6 22. Qd1 Ne4 23. Bf4 Qf5 24. Kg1 g5 25. Be5 h5 26. Qc2 Bd5 27. Re1
Rf7 28. Re2 Raf8 29. a4 b5 30. b3 b4 31. Kf1 Nc3 32. Qxf5 Rxf5 33. Rb2 a5 34.
Ke1 h4 35. Rg1 Kf7 36. Nh2 Ke8 37. Bc7 Be6 38. Ng4 Kd7 39. Bb6 Rb8 40. Bc5 Ne4
41. Ke2 Nxc5 42. dxc5 Rxc5 43. Nf6+ Ke7 44. Ne4 Re5 45. f3 c5 46. Rc1 c4 47.
bxc4 Rc8 48. Nd2 Rec5 49. Kd3 Rd8+ 50. Ke2 Rdc8 51. Rbc2 Bd7 52. Ra1 Be6 53.
Rac1 Bd7 54. Ne4 Bxa4 55. Nxc5 Bxc2 56. Rxc2 Rxc5 57. Kd3 Kd6 58. Rb2 Rc8 59.
Kd4 Kc6 60. f4 Rd8+ 61. Ke4 gxf4 62. exf4 Kc5 63. Ra2 Ra8 64. Kd3 a4 65. f5 b3
66. Rf2 Kb4 67. f6 a3 68. f7 Rd8+ 69. Ke4 Rf8 0-1

[Event "77 España ch 2012"]
[Site "Maspalomas ESP"]
[Date "2012.10.03"]
[Round "5.18"]
[White "Garcia Garcia, Adrian Antonio"]
[Black "Pazos Porta, Antonio"]
[Result "0-1"]
[WhiteElo "1978"]
[BlackElo "2307"]
[PlyCount "88"]
[EventDate "2012.09.29"]
[EventType "swiss"]
[EventRounds "9"]
[EventCountry "ESP"]
[Source "lmi"]
[SourceDate "2012.09.29"]

1. e4 c5 2. Nc3 e6 3. f4 d5 4. exd5 exd5 5. Bb5+ Nc6 6. Nf3 Bg4 7. O-O Nf6 8.
Bxc6+ bxc6 9. Qe1+ Be7 10. Ne5 Bd7 11. d3 O-O 12. b3 Re8 13. Ba3 Ng4 14. Nxg4
Bxg4 15. Qd2 Qa5 16. Bb2 Bf6 17. Rae1 h5 18. Ba1 Qb4 19. Bb2 Bf5 20. a3 Qa5 21.
h3 h4 22. Kh1 a6 23. Ba1 Kf8 24. Re5 Bxe5 25. fxe5 Bg6 26. Qg5 Kg8 27. Ne2 Qd8
28. Qg4 d4 29. b4 Rxe5 30. bxc5 Bh5 31. Qxd4 Qxd4 32. Nxd4 Rxc5 33. c4 Bg6 34.
Bc3 Bxd3 35. Rf3 Bg6 36. Nb3 Rxc4 37. Nd2 Rc5 38. Nb3 Rf5 39. Re3 Rd8 40. Kh2
Rf1 41. Nd4 Kh7 42. a4 c5 43. Nf3 Rdd1 44. g3 Rf2# 0-1

[Event "77 España ch 2012"]
[Site "Maspalomas ESP"]
[Date "2012.10.03"]
[Round "5.19"]
[White "Suarez Gomez, Julio"]
[Black "Gutierrez Olivares, Daniel"]
[Result "0-1"]
[WhiteElo "2065"]
[BlackElo "2368"]
[PlyCount "106"]
[EventDate "2012.09.29"]
[EventType "swiss"]
[EventRounds "9"]
[EventCountry "ESP"]
[Source "lmi"]
[SourceDate "2012.09.29"]

1. e4 e6 2. d4 d5 3. Nc3 Nf6 4. Bg5 Be7 5. e5 Nfd7 6. Bxe7 Qxe7 7. f4 a6 8. Nf3
Nb6 9. Qd2 Bd7 10. a4 c5 11. a5 Nc8 12. Be2 Na7 13. O-O Bb5 14. dxc5 Bxe2 15.
Nxe2 Qxc5+ 16. Nfd4 Nbc6 17. Kh1 Nb5 18. Nb3 Qb4 19. Qe3 d4 20. Qg3 O-O-O 21.
Nbc1 Qc4 22. Qd3 Qd5 23. Qf3 g5 24. Qxd5 Rxd5 25. Nd3 gxf4 26. Rae1 f6 27.
Nexf4 Rxe5 28. Nxe6 Re8 29. Rxe5 fxe5 30. Ng5 e4 31. Nxh7 e3 32. Kg1 Nb4 33.
Rc1 Kb8 34. Nf6 Re7 35. Nc5 e2 36. Kf2 Nxc2 37. Nd3 Ne3 38. g4 Nd1+ 39. Ke1 Nd6
40. Rc2 Re3 41. Nd7+ Ka7 42. N7c5 Rh3 43. Rxe2 Ne3 44. Nf4 Rf3 45. Rxe3 dxe3
46. Ncd3 Nb5 47. g5 Nd4 48. g6 e2 49. h4 Rf1+ 50. Kd2 e1=Q+ 51. Nxe1 Rxf4 52.
h5 Nf5 53. Ng2 Rf2+ 0-1

[Event "77 España ch 2012"]
[Site "Maspalomas ESP"]
[Date "2012.10.03"]
[Round "5.20"]
[White "Cuenca Jimenez, Francisco Javi"]
[Black "De Prado Rodriguez, Oscar Brun"]
[Result "1-0"]
[WhiteElo "2177"]
[BlackElo "2283"]
[PlyCount "93"]
[EventDate "2012.09.29"]
[EventType "swiss"]
[EventRounds "9"]
[EventCountry "ESP"]
[Source "lmi"]
[SourceDate "2012.09.29"]

1. c4 f5 2. g3 Nf6 3. d3 d6 4. Bg2 e5 5. Nc3 Be7 6. e4 c6 7. Nge2 fxe4 8. dxe4
O-O 9. O-O Be6 10. b3 Na6 11. h3 Qd7 12. Kh2 b5 13. cxb5 cxb5 14. Bg5 Ng4+ 15.
hxg4 Bxg5 16. f4 exf4 17. gxf4 Bd8 18. f5 Bf7 19. e5 Qe7 20. Bxa8 Qxe5+ 21. Kg2
b4 22. Na4 Nc7 23. Bf3 Bf6 24. Qd3 Nd5 25. Qe4 Ne3+ 26. Kh3 Qxe4 27. Bxe4 h5
28. g5 Bxa1 29. Rxa1 d5 30. Bd3 g6 31. Nf4 gxf5 32. g6 Be8 33. Nc5 Rf6 34. Rg1
Rc6 35. Rg3 d4 36. Nce6 Rc1 37. Kh4 Rh1+ 38. Kg5 h4 39. Rh3 Rg1+ 40. Kf6 Ng4+
41. Kxf5 Nf2 42. Rf3 Ng4 43. Bc4 Ne3+ 44. Kf6 Nxc4 45. bxc4 Bd7 46. Ng5 Rg4 47.
Nd5 1-0

[Event "77 España ch 2012"]
[Site "Maspalomas ESP"]
[Date "2012.10.03"]
[Round "5.21"]
[White "Natalicchio Escalante, Nicolas"]
[Black "Rodriguez Melian, Jose Luis"]
[Result "1-0"]
[WhiteElo "2208"]
[BlackElo "2088"]
[PlyCount "59"]
[EventDate "2012.09.29"]
[EventType "swiss"]
[EventRounds "9"]
[EventCountry "ESP"]
[Source "lmi"]
[SourceDate "2012.09.29"]

1. g3 d5 2. Bg2 Nf6 3. f4 g6 4. Nf3 Bg7 5. O-O O-O 6. d3 c5 7. c3 Nc6 8. Qe1 d4
9. Na3 Nd5 10. Bd2 Be6 11. Ng5 Qd7 12. Nc4 Nc7 13. Nxe6 Qxe6 14. e4 dxe3 15.
Qxe3 Qd7 16. Kh1 Rad8 17. Qxc5 Qxd3 18. Rf3 Qd7 19. Be3 b6 20. Qa3 Qe6 21. Qb3
Rd3 22. Bf2 Rfd8 23. Re1 Qf6 24. Rxd3 Rxd3 25. Rd1 Rxd1+ 26. Qxd1 Qe6 27. Ne3
Ne8 28. Bd5 Qd6 29. Nc4 Qc7 30. Qa4 1-0

[Event "77 España ch 2012"]
[Site "Maspalomas ESP"]
[Date "2012.10.03"]
[Round "5.22"]
[White "Ramos Aguilar, Jose Manuel"]
[Black "Alvarez Pedrosa, Valeriano"]
[Result "1-0"]
[WhiteElo "2183"]
[BlackElo "1947"]
[PlyCount "65"]
[EventDate "2012.09.29"]
[EventType "swiss"]
[EventRounds "9"]
[EventCountry "ESP"]
[Source "lmi"]
[SourceDate "2012.09.29"]

1. d4 Nf6 2. c4 g6 3. Nc3 Bg7 4. e4 d6 5. h3 O-O 6. Bg5 c5 7. d5 e6 8. Bd3 exd5
9. cxd5 Re8 10. Nf3 Qb6 11. O-O Nbd7 12. Qc2 a6 13. Rfe1 Qc7 14. a4 b6 15. Nd2
Bb7 16. Rab1 Rac8 17. b3 Nh5 18. Be2 Nhf6 19. Kh1 Rf8 20. Nc4 Ne8 21. Bg4 Nef6
22. Bxd7 Nxd7 23. Be7 Rfe8 24. Bxd6 Qd8 25. Bh2 Qf6 26. Re3 Bf8 27. Rbe1 Ne5
28. f4 Nxc4 29. bxc4 Qd4 30. Qe2 f5 31. e5 b5 32. axb5 axb5 33. Nxb5 1-0